[Event "EUR-chT Seniors 65"]
[Site "Prague"]
[Date "2021.09.02"]
[Round "4.1"]
[White "Lomer, Edmund"]
[Black "Mozna Hojdarova, Eva"]
[Result "1-0"]
[WhiteElo "2013"]
[BlackElo "1905"]
[PlyCount "35"]
[EventDate "2021.08.30"]
[EventType "team-swiss"]
[EventRounds "9"]
[EventCountry "CZE"]
[SourceTitle "CBM 204 Extra"]
[Source "ChessBase"]
[SourceDate "2021.11.30"]
[SourceVersion "1"]
[SourceVersionDate "2021.11.30"]
[SourceQuality "1"]
[WhiteTeam "Germany North 65"]
[BlackTeam "Czech Republic (Women) 65"]
[WhiteTeamCountry "GER"]
[BlackTeamCountry "CZE"]

1. Nf3 d5 2. g3 Nf6 3. d4 g6 4. Bg2 Bg7 5. 0-0 0-0 6. c4 c6 7. cxd5 cxd5 8. Nc3 Nc6 9. Ne5 Nxe5 10. dxe5 Ng4 11. Nxd5 Nxe5 12. Bg5 Nc6 13. Rc1 Bxb2 14. Rxc6 f6 15. Rxc8 Rxc8 16. Bh6 Re8 17. Qb3 e6 18. Qxb7 1-0

[Event "WchT Seniors 65"]
[Site "Prague"]
[Date "2020.03.11"]
[Round "6.1"]
[White "Juricek, Stanislav"]
[Black "Mozna Hojdarova, Eva"]
[Result "1/2-1/2"]
[WhiteElo "2037"]
[BlackElo "1907"]
[PlyCount "24"]
[EventDate "2020.03.06"]
[EventType "team-swiss"]
[EventRounds "7"]
[EventCountry "CZE"]
[SourceTitle "CBM 195 Extra"]
[Source "ChessBase"]
[SourceDate "2020.05.31"]
[SourceVersion "1"]
[SourceVersionDate "2020.05.31"]
[SourceQuality "1"]
[WhiteTeam "Czech Republic 65 X"]
[BlackTeam "Czech Republic 65 (W)"]
[WhiteTeamCountry "CZE"]
[BlackTeamCountry "CZE"]

1. e4 c5 2. Nf3 Nc6 3. d3 d6 4. g3 Nf6 5. Bg2 g6 6. 0-0 Bg7 7. Re1 0-0 8. c3 e5 9. d4 h6 10. h3 Kh7 11. dxc5 dxc5 12. Qc2 Qe7 1/2-1/2

[Event "Tatry op"]
[Site "Tatranske Zruby"]
[Date "2010.10.03"]
[Round "2"]
[White "Mozna Hojdarova, Eva"]
[Black "Koci, Ladislav"]
[Result "1/2-1/2"]
[WhiteElo "1959"]
[BlackElo "2003"]
[PlyCount "54"]
[EventDate "2010.10.02"]
[EventType "swiss"]
[EventRounds "9"]
[EventCountry "SVK"]
[SourceTitle "CBM 138 Extra"]
[Source "ChessBase"]
[SourceDate "2010.10.29"]
[SourceVersion "1"]
[SourceVersionDate "2010.10.29"]
[SourceQuality "1"]

1. d4 Nf6 2. Nf3 g6 3. c4 Bg7 4. Nc3 d5 5. e3 0-0 6. cxd5 Nxd5 7. Nxd5 Qxd5 8. Be2 c6 9. 0-0 Nd7 10. Qc2 Nb6 11. e4 Qd6 12. Be3 Bg4 13. Rfd1 Rac8 14. h3 Be6 15. Rac1 f5 16. exf5 Bxf5 17. Qd2 Nd5 18. Bh6 Be6 19. Bxg7 Kxg7 20. Ne5 Nf4 21. Bg4 Rcd8 22. b3 Bd5 23. g3 Ne6 24. Bxe6 Qxe6 25. Kh2 Qf5 26. f4 Be6 27. Qg2 Bd5 1/2-1/2

[Event "Tatry op"]
[Site "Tatranske Zruby"]
[Date "2009.09.27"]
[Round "1"]
[White "Skrabakova, Katarina"]
[Black "Mozna Hojdarova, Eva"]
[Result "1-0"]
[WhiteElo "2050"]
[BlackElo "1989"]
[PlyCount "103"]
[EventDate "2009.09.27"]
[EventType "swiss"]
[EventRounds "9"]
[EventCountry "SVK"]
[SourceTitle "EXT 2011"]
[Source "ChessBase"]
[SourceDate "2010.11.26"]
[SourceVersion "1"]
[SourceVersionDate "2010.11.26"]
[SourceQuality "1"]

1. e4 c5 2. Nc3 Nc6 3. f4 d6 4. Nf3 g6 5. Bc4 Bg7 6. d3 Nf6 7. 0-0 0-0 8. Qe1 Na5 9. Bb3 Nxb3 10. axb3 a6 11. Qh4 Bg4 12. f5 Bxf3 13. Rxf3 h5 14. h3 Nh7 15. Nd5 Bd4+ 16. Be3 Bxe3+ 17. Nxe3 Kg7 18. Nd5 Nf6 19. Nf4 Kh6 20. fxg6 fxg6 21. Ne6 Qb6 22. Qg5+ Kh7 23. Nxf8+ Rxf8 24. Qe3 Rg8 25. Raf1 Rg7 26. Kh1 Qc6 27. e5 dxe5 28. Qxe5 Nd7 29. Qg5 Nf6 30. Re3 Qd6 31. Rfe1 Ng8 32. Qe5 Qc6 33. Qe6 Qc7 34. Rf1 Nf6 35. g4 b5 36. g5 Qb7+ 37. Kg1 Ng8 38. Rf7 Qa7 39. Ref3 c4+ 40. Kg2 Qc5 41. Rxg7+ Kxg7 42. Qf7+ Kh8 43. Qxg6 Qd5 44. bxc4 bxc4 45. Qxh5+ Kg7 46. Qg4 cxd3 47. cxd3 Qc5 48. Qc4 Qxc4 49. dxc4 e6 50. Rd3 Kg6 51. h4 Kf5 52. Rd7 1-0

[Event "Pobeskydy op"]
[Site "Frydek Mistek"]
[Date "2008.03.21"]
[Round "3"]
[White "Kalvaitis, Sigitas"]
[Black "Mozna Hojdarova, Eva"]
[Result "1-0"]
[WhiteElo "2261"]
[BlackElo "2016"]
[PlyCount "61"]
[EventDate "2008.03.20"]
[EventType "swiss"]
[EventRounds "9"]
[EventCountry "CZE"]
[SourceTitle "EXT 2010"]
[Source "ChessBase"]
[SourceDate "2010.11.25"]
[SourceVersion "1"]
[SourceVersionDate "2010.11.25"]
[SourceQuality "1"]

1. e4 c5 2. Nf3 Nc6 3. Bb5 Qb6 4. Nc3 e6 5. Bxc6 Qxc6 6. d4 a6 7. d5 Qc7 8. 0-0 d6 9. dxe6 fxe6 10. Bf4 Nh6 11. Ng5 Nf7 12. Nxf7 Kxf7 13. Qf3 Kg8 14. Rad1 h6 15. Qg3 e5 16. Nd5 Qf7 17. Bc1 Be6 18. f4 Bxd5 19. fxe5 Qh5 20. Rxd5 dxe5 21. Rd7 Qe8 22. Qb3+ Kh7 23. Qd5 b6 24. Rff7 Rc8 25. c4 a5 26. a4 Rg8 27. Bd2 Rh8 28. g4 Rg8 29. b3 Rh8 30. Rf6 h5 31. Rh6# 1-0

[Event "CZE-chT2c 0607"]
[Site "Czech Republic"]
[Date "2007.04.15"]
[Round "11.8"]
[White "Mozna Hojdarova, Eva"]
[Black "Peniska, Pavel"]
[Result "0-1"]
[WhiteElo "2046"]
[BlackElo "2043"]
[PlyCount "88"]
[EventDate "2006.10.15"]
[EventType "team"]
[EventRounds "11"]
[EventCountry "CZE"]
[SourceTitle "EXT 2008"]
[Source "ChessBase"]
[SourceDate "2007.11.25"]
[SourceVersion "1"]
[SourceVersionDate "2007.11.25"]
[SourceQuality "1"]
[WhiteTeam "Praha Pankrac II"]
[BlackTeam "Liberec"]
[WhiteTeamCountry "CZE"]
[BlackTeamCountry "CZE"]

1. d4 Nf6 2. c4 g6 3. Nf3 Bg7 4. g3 d6 5. Bg2 0-0 6. 0-0 c6 7. Nc3 Qa5 8. e4 Qh5 9. Qd3 Bh3 10. Ng5 Bxg2 11. Kxg2 h6 12. Nf3 Nbd7 13. h3 Qa5 14. Be3 e5 15. dxe5 dxe5 16. a3 Nc5 17. Qc2 Ne6 18. Rad1 Rfd8 19. b4 Qxa3 20. Nxe5 Qxb4 21. Rxd8+ Rxd8 22. Rb1 Qe7 23. Bxa7 Nd4 24. Bxd4 Rxd4 25. f4 Qd6 26. Nf3 Rxc4 27. Nd2 Rxc3 28. Qxc3 Nxe4 29. Nxe4 Qd5 30. Qf3 Qa2+ 31. Nf2 Qxb1 32. g4 Bd4 33. Nd1 f5 34. gxf5 Qxf5 35. Kg3 g5 36. fxg5 Qxf3+ 37. Kxf3 hxg5 38. Kg4 Kf7 39. Kxg5 Ke6 40. Kf4 Kd5 41. h4 b5 42. h5 b4 43. h6 Ke6 44. Ke4 c5 0-1

[Event "Tatry op"]
[Site "Tatranske Zruby"]
[Date "2006.09.24"]
[Round "2"]
[White "Szurovszky, Elek"]
[Black "Mozna Hojdarova, Eva"]
[Result "1-0"]
[WhiteElo "2239"]
[BlackElo "2046"]
[PlyCount "79"]
[EventDate "2006.09.23"]
[EventType "swiss"]
[EventRounds "9"]
[EventCountry "SVK"]
[SourceTitle "CBM 114 Extra"]
[Source "ChessBase"]
[SourceDate "2006.11.03"]
[SourceVersion "1"]
[SourceVersionDate "2006.11.03"]
[SourceQuality "1"]

1. e4 c5 2. Nf3 Nc6 3. d4 cxd4 4. Nxd4 Nf6 5. Nc3 d6 6. Be2 g6 7. Be3 Bg7 8. 0-0 0-0 9. Kh1 a6 10. a4 Bd7 11. f4 Qc7 12. Nb3 e5 13. f5 gxf5 14. exf5 Ne7 15. g4 Bc6+ 16. Kg1 Ned5 17. Nxd5 Nxd5 18. Qd2 Nxe3 19. Qxe3 f6 20. c4 d5 21. cxd5 Bxd5 22. Rac1 Qf7 23. Nc5 Rfc8 24. Rfd1 Kh8 25. a5 Bf8 26. b4 Bxc5 27. Rxc5 Bc6 28. g5 Rd8 29. Rxd8+ Rxd8 30. gxf6 Rg8+ 31. Kf1 Qa2 32. f7 Qb1+ 33. Rc1 Qxf5+ 34. Ke1 Qxf7 35. Qxe5+ Qg7 36. Qxg7+ Rxg7 37. Kd2 Kg8 38. Bxa6 Kf7 39. Ke3 Rg4 40. Bxb7 1-0

[Event "Havlickuv Brod op (Women)"]
[Site "Havlickuv Brod"]
[Date "2005.10.01"]
[Round "8"]
[White "Krejcova, Katerina"]
[Black "Mozna Hojdarova, Eva"]
[Result "1/2-1/2"]
[WhiteElo "2037"]
[BlackElo "2054"]
[PlyCount "54"]
[EventDate "2005.09.24"]
[EventType "swiss"]
[EventRounds "9"]
[EventCountry "CZE"]
[SourceTitle "CBM 108 Extra"]
[Source "ChessBase"]
[SourceDate "2005.11.04"]
[SourceVersion "1"]
[SourceVersionDate "2005.11.04"]
[SourceQuality "1"]

1. e4 c5 2. Nf3 Nc6 3. d4 cxd4 4. Nxd4 Nf6 5. Nc3 d6 6. Be2 g6 7. Be3 Bg7 8. Qd2 Nxd4 9. Bxd4 0-0 10. h4 h5 11. f3 Qa5 12. 0-0-0 Kh7 13. Kb1 Be6 14. a3 Rfc8 15. g4 Bc4 16. g5 Ne8 17. Bxc4 Rxc4 18. Bxg7 Kxg7 19. Qd5 Qxd5 20. Nxd5 Kf8 21. Rh2 Nc7 22. Ne3 Rc6 23. Rhd2 Rc8 24. c3 Ne8 25. Nd5 Nc7 26. Ne3 Ne8 27. Nd5 Nc7 1/2-1/2

[Event "Policka (Women)"]
[Site "Policka"]
[Date "1993.??.??"]
[Round "7"]
[White "Lymar, Irina"]
[Black "Mozna Hojdarova, Eva"]
[Result "1/2-1/2"]
[WhiteElo "2270"]
[BlackElo "2095"]
[PlyCount "58"]
[EventDate "1993.??.??"]
[EventType "tourn"]
[EventRounds "9"]
[EventCountry "CZE"]
[SourceTitle "EXT 1997"]
[Source "ChessBase"]
[SourceDate "1996.11.15"]
[SourceVersion "1"]
[SourceVersionDate "1996.11.15"]
[SourceQuality "1"]

1. d4 d5 2. Nf3 Nf6 3. c4 c6 4. Nc3 g6 5. e3 Bg7 6. Bd3 0-0 7. 0-0 Bg4 8. h3 Bxf3 9. Qxf3 e6 10. b3 Nbd7 11. Bb2 Rc8 12. Rae1 Qa5 13. a3 Qb6 14. b4 dxc4 15. Bxc4 Qc7 16. Bb3 Nd5 17. Na4 a5 18. e4 N5f6 19. Rc1 axb4 20. axb4 Qd8 21. Rfd1 Qe7 22. Nc5 Nxc5 23. dxc5 Rfd8 24. Be5 Ne8 25. Bxg7 Kxg7 26. Qe2 Nc7 27. Bc4 Qf6 28. Rd6 Ne8 29. Rdd1 Nc7 1/2-1/2

[Event "Policka (Women)"]
[Site "Policka"]
[Date "1993.??.??"]
[Round "8"]
[White "Mozna Hojdarova, Eva"]
[Black "Grabuzova, Tatiana"]
[Result "0-1"]
[WhiteElo "2095"]
[BlackElo "2275"]
[PlyCount "64"]
[EventDate "1993.??.??"]
[EventType "tourn"]
[EventRounds "9"]
[EventCountry "CZE"]
[SourceTitle "EXT 1997"]
[Source "ChessBase"]
[SourceDate "1996.11.15"]
[SourceVersion "1"]
[SourceVersionDate "1996.11.15"]
[SourceQuality "1"]

1. d4 e6 2. c4 b6 3. Nf3 Nf6 4. g3 Ba6 5. Qc2 c5 6. Bg2 Nc6 7. dxc5 Bxc5 8. 0-0 0-0 9. a3 Bb7 10. b4 Be7 11. Bb2 Rc8 12. Nc3 a5 13. b5 Nb8 14. Qd3 Qc7 15. Nd2 Bxg2 16. Kxg2 d6 17. Rac1 Nbd7 18. f4 Qb7+ 19. e4 Nc5 20. Qf3 Rfd8 21. Rfd1 d5 22. cxd5 exd5 23. exd5 Nxd5 24. Nxd5 Rxd5 25. Nf1 Rcd8 26. Rxd5 Rxd5 27. Be5 Qd7 28. g4 Nd3 29. Rc7 Ne1+ 30. Kg3 Nxf3 31. Rxd7 Rxd7 32. Kxf3 Bxa3 0-1

[Event "Policka (Women)"]
[Site "Policka"]
[Date "1993.??.??"]
[Round "4"]
[White "Mozna Hojdarova, Eva"]
[Black "Janjgava, Natia"]
[Result "0-1"]
[WhiteElo "2095"]
[BlackElo "2230"]
[PlyCount "74"]
[EventDate "1993.??.??"]
[EventType "tourn"]
[EventRounds "9"]
[EventCountry "CZE"]
[SourceTitle "EXT 1997"]
[Source "ChessBase"]
[SourceDate "1996.11.15"]
[SourceVersion "1"]
[SourceVersionDate "1996.11.15"]
[SourceQuality "1"]

1. Nf3 g6 2. d4 Bg7 3. g3 d6 4. Bg2 Nd7 5. 0-0 e5 6. dxe5 dxe5 7. e4 Ne7 8. Be3 0-0 9. Nc3 c6 10. Qd2 Qe8 11. Bh6 f6 12. Bxg7 Kxg7 13. Rad1 Nb6 14. b3 Be6 15. a4 Qf7 16. a5 Nd7 17. Na4 b5 18. axb6 axb6 19. Qc3 c5 20. Rd6 Nc8 21. Rd2 Na7 22. Qb2 b5 23. Nc3 b4 24. Nd5 Nb5 25. c4 bxc3 26. Nxc3 Nxc3 27. Qxc3 Ra3 28. Rfd1 c4 29. Rd6 Rxb3 30. Qa5 Rfb8 31. Nd2 R3b5 32. Qa3 Nc5 33. Bf1 R8b7 34. Rd8 Ra7 35. Qc3 Na4 36. Qe3 Rc5 37. f4 c3 0-1

[Event "Prague Bohemians (Women)"]
[Site "Prague"]
[Date "1992.??.??"]
[Round "6"]
[White "Mozna Hojdarova, Eva"]
[Black "Palatkova, Eliska"]
[Result "1/2-1/2"]
[WhiteElo "2115"]
[BlackElo "2005"]
[PlyCount "33"]
[EventDate "1992.??.??"]
[EventType "tourn"]
[EventRounds "13"]
[EventCountry "CZE"]
[SourceTitle "TD"]
[Source "ChessBase"]
[SourceDate "1994.03.01"]
[SourceVersion "1"]
[SourceVersionDate "1994.03.01"]
[SourceQuality "1"]

1. Nf3 Nf6 2. c4 e6 3. d4 d5 4. g3 Be7 5. Bg2 0-0 6. 0-0 Nbd7 7. b3 b6 8. cxd5 exd5 9. Bb2 Bb7 10. Nc3 Rc8 11. Rc1 Re8 12. Qd3 c6 13. Rfd1 Bd6 14. Nd2 Bf8 15. e4 dxe4 16. Ndxe4 Nd5 17. Nxd5 1/2-1/2

[Event "Prague Bohemians (Women)"]
[Site "Prague"]
[Date "1991.??.??"]
[Round "9"]
[White "Grinfeld, Alla B"]
[Black "Mozna Hojdarova, Eva"]
[Result "1/2-1/2"]
[WhiteElo "2225"]
[BlackElo "2105"]
[PlyCount "69"]
[EventDate "1991.??.??"]
[EventType "tourn"]
[EventRounds "11"]
[EventCountry "CZE"]
[SourceTitle "TD"]
[Source "ChessBase"]
[SourceDate "1994.03.01"]
[SourceVersion "1"]
[SourceVersionDate "1994.03.01"]
[SourceQuality "1"]

1. e4 c5 2. Nf3 e6 3. Nc3 d6 4. d4 cxd4 5. Nxd4 Nf6 6. Be2 Be7 7. 0-0 0-0 8. Kh1 Nc6 9. Be3 Qc7 10. f4 Nxd4 11. Qxd4 e5 12. Qd2 Be6 13. Nd5 Bxd5 14. exd5 exf4 15. Rxf4 Nd7 16. Rff1 Ne5 17. b3 b6 18. c4 f5 19. Rac1 g6 20. Rfd1 Rad8 21. b4 Rfe8 22. Rc2 Bf8 23. h3 Nd7 24. g4 fxg4 25. Bxg4 Ne5 26. Be6+ Kh8 27. Bd4 Bg7 28. Bxe5 Bxe5 29. Rf1 Rf8 30. Qd3 Qe7 31. Rcf2 Rxf2 32. Rxf2 Rf8 33. Qf1 Rxf2 34. Qxf2 Qf6 35. Qxf6+ 1/2-1/2